000 00548nam a2200181Ia 4500
008 151202s9999||||xx |||||||||||||| ||und||
082 _bPNVM-45597
100 _aखांडेकर वि. स.
245 _aमुखवटे.
260 _bमेहता पब्लिशींग हाऊस पुणे.
260 _c2004
300 _a83
600 _aखांडेकर वि. स.
630 _aमुखवटे.
700 _aखांडेकर वि. स.
730 _aमुखवटे.
942 _cBOOK
999 _c1311548
_d1311545